000 01030cam a22002894a 4500
001 12531499
003 cuc123
005 20260126154538.0
008 010912s2003 maua b 001 0 eng
010 _a 2001044757
020 _a0072345772 (pbk. : alk. paper)
040 _aDLC
_cDLC
_dDLC
042 _apcc
050 0 0 _aHB87
_b.G83 2003
082 0 0 _a330
_221
100 1 _aGuell, Robert C.
245 1 0 _aIssues in economics today /
_cRobert C. Guell.
260 _aBoston, Mass. :
_bMcGraw-Hill/Irwin,
_cc2003.
300 _axx, 396 p. :
_bill. ;
_c25 cm.
504 _aIncludes bibliographical references and index.
650 0 _aEconomics.
856 4 2 _3Publisher description
_uhttp://www.loc.gov/catdir/description/mh021/2001044757.html
856 4 1 _3Table of contents
_uhttp://www.loc.gov/catdir/toc/mh021/2001044757.html
906 _a7
_bcbc
_corignew
_d1
_eocip
_f20
_gy-gencatlg
942 _2lcc
_cBK
_n0
999 _c8636
_d8636